Albertina vás svede svými znalostmi

Albertina - Firemný monitor na internete. Charakteristika databázy Firemný monitor - jej zložky a ich obsah. Ako vyhľadávať vo Firemnom monitore v internetovej verzii. Podmienky registrácie.

Salvato in:
Dettagli Bibliografici
Autore principale: Přádka, Michal
Natura: Capitolo di libro
Lingua:ceco
Soggetti:
Tags: Aggiungi Tag
Nessun Tag, puoi essere il primo ad aggiungerne!!

MARC

LEADER 00000naa a2200000 4500
001 r037532
005 20230612103904.8
041 0 |a cze 
044 |a CZ 
245 1 0 |a Albertina vás svede svými znalostmi  |c Michal Přádka 
520 |a Albertina - Firemný monitor na internete. Charakteristika databázy Firemný monitor - jej zložky a ich obsah. Ako vyhľadávať vo Firemnom monitore v internetovej verzii. Podmienky registrácie. 
610 2 0 |a siete dátové 
610 2 0 |a internet 
610 2 0 |a báza dát 
610 2 0 |a informácie obchodno-ekonomické 
610 2 0 |a systémy databázové distribuované 
610 2 0 |a firmy 
610 2 0 |a zdroje informácií 
610 2 0 |a získavanie informácií 
610 2 0 |a Albertina Data, s.r.o. Praha 
610 2 0 |a Firemný monitor 
100 1 |a Přádka, Michal